Konkurenční výhoda ekonomik zemí EU

Mnohorozmerná klasifikácia krajín Európskej únie na základe premenných indexov znalostnej ekonomiky. Použitie zhlukovej a faktorovej analýzy na demonštrovanie rozdielov medzi krajinami Európskej únie. Wardova metóda. Matica faktorových záťaží.

Salvato in:
Dettagli Bibliografici
Autore principale: Odehnal, Jakub
Altri autori: Sedlačík, Marek, Michálek, Jaroslav
Natura: Capitolo di libro
Lingua:ceco
Soggetti:
Tags: Aggiungi Tag
Nessun Tag, puoi essere il primo ad aggiungerne!!

MARC

LEADER 00000naa$a2200000$$$4500
001 0090258
005 20220713121224.2
041 0 |a cze 
044 |a SK 
245 1 0 |a Konkurenční výhoda ekonomik zemí EU  |c Jakub Odehnal, Marek Sedlačík, Jaroslav Michálek 
520 |a Mnohorozmerná klasifikácia krajín Európskej únie na základe premenných indexov znalostnej ekonomiky. Použitie zhlukovej a faktorovej analýzy na demonštrovanie rozdielov medzi krajinami Európskej únie. Wardova metóda. Matica faktorových záťaží. 
610 2 0 |a analýza zhluková 
610 2 0 |a analýza faktorová 
610 2 0 |a indexy 
610 2 0 |a matice 
610 2 0 |a metódy štatistické 
610 2 0 |a štatistika 
610 2 0 |a výhody konkurenčné 
610 2 0 |a ekonomika vedomostná 
610 2 0 |a Európska únia 
610 2 0 |a klasifikácia 
100 1 |a Odehnal, Jakub 
700 1 |a Sedlačík, Marek 
700 1 |a Michálek, Jaroslav